000 00705nam a2200193 i 4500
001 143013
003 ES-MaACL
005 20250902105837.0
007 t|
008 071011s1946 sp ||||1| spa d
100 1 _aVich i Salom, Joan.
_9114380
245 1 0 _aMiscelánea tridentina maioricense /
_cJuan Vich y Salom.
260 _aPalma de Mallorca :
_bSociedad Arqueológica Luliana,
_c1946.
300 _a149 p., 2 h., 4 h. de lám. y facs. ;
_c24 cm.
500 _aEs tirada aparte del Boletín de la Sociedad Arqueológica Laliana, año L, XI, núms. 714-715 p. 521-665.
710 2 _aSociedad Arqueológica Luliana
_96638
852 _aES-MaACL
_j1862-F-1
_bR.23704
999 _c143013
_d143013